000 00325nam a2200133Ia 4500
005 20260328101510.0
008 260328s9999||||xx |||||||||||||| ||und||
100 _aLe Corbusier
245 0 _aLa Ciudad del Futuro /
_cLe Corbusier
260 _bEdiciones Infinito
300 _a183 p.
650 _aDISEÑO URBANO
942 _cBK
999 _c9184
_d9184